Λογοτεχνικές μεταφράσεις του μείζονος ελληνισμού : Μικρασία, Κύπρος, Αίγυπτος 1880-1930 : βιβλιογραφική μελέτη

Αποθηκεύτηκε σε:
Λεπτομέρειες βιβλιογραφικής εγγραφής
Κύριος συγγραφέας: Παπαλεοντίου, Λευτέρης
Μορφή: Βιβλίο
Γλώσσα:Greek
Δημοσίευση: Θεσσαλονίκη : Κέντρο Ελληνικής Γλώσσας, 1998
Θέματα:
Ετικέτες: Προσθήκη ετικέτας
Δεν υπάρχουν, Καταχωρήστε ετικέτα πρώτοι!

MARC

LEADER 00000cam a2200000 i 4500
001 1/22879
008 120911s1998 gre d
020 |a 960-7779-05-3 
035 |l 10113137 
040 |a GR-MY-UA  |b gre  |e aacr 
041 0 |a gre 
082 0 |a 016.889  |2 (22) 
100 1 |a Παπαλεοντίου, Λευτέρης. 
245 1 0 |a Λογοτεχνικές μεταφράσεις του μείζονος ελληνισμού :  |b Μικρασία, Κύπρος, Αίγυπτος 1880-1930 : βιβλιογραφική μελέτη /  |c Λευτέρης Παπαλεοντίου 
260 |a Θεσσαλονίκη :   |b Κέντρο Ελληνικής Γλώσσας,   |c 1998 
300 |a 349 σ.;  |c 23 εκ. 
504 |a Περιλαμβάνει ευρετήριο 
650 0 0 |a Literature  |x Translations into Greek  |x Bibliography. 
650 0 0 |a Greek literature, Modern  |x Bibliography. 
650 0 0 |a Translating and interpreting. 
852 |a INST  |b RHODES  |e 20120911  |h 016.889 ΠΑΠ  |p 005400034525  |q 005400034525  |t BK  |y 0 
901 |a BIBL4-2012-3 
909 |a Ρ  |b 171160 
922 |a 4ΕΛΗ 
970 |z 2012/09/11